[Event "Mechanics' Winter TNM; 30/90, SD/30"]
[Site "San Francisco"]
[Date "2014.02.04"]
[Round "5.8"]
[White "Lacounte, Brendan"]
[Black "Nyangar, Enkhmaa"]
[Result "1-0"]
[WhiteElo "1969"]
[BlackElo "1645"]
[Annotator "Donaldson"]
[PlyCount "83"]
[EventDate "2014.??.??"]

1. d4 d5 2. Nf3 e6 3. e3 Nf6 4. Bd3 c5 5. b3 Qc7 6. Nbd2 Nc6 7. O-O (7. a3)
7... cxd4 8. exd4 a6 (8... Nb4 9. Bb5+ Bd7) 9. Bb2 Nb4 10. Ne5 Nxd3 11. Nxd3
Bd6 12. Ne5 O-O 13. f4 Ne4 14. Nxe4 dxe4 15. Qc1 (15. c4 f6 16. Ng4 Bxf4) 15...
b5 16. c4 f6 17. c5 fxe5 18. cxd6 Qxc1 19. Raxc1 exf4 20. Rc7 g5 (20... Rf7)
21. d7 e3 22. Rfc1 Bxd7 23. Rxd7 Rac8 24. Rdc7 Rxc7 25. Rxc7 f3 26. gxf3 Rxf3
27. Rc2 g4 28. Re2 h5 29. Bc1 Kf7 30. Bxe3 Kg6 31. Bf2 Kf7 32. Re5 Rf5 33. Bg3
Rxe5 34. Bxe5 Kg6 35. Kf2 h4 36. Ke3 Kf5 37. Bd6 Kg5 38. Ke4 Kf6 39. Kf4 g3 40.
hxg3 h3 41. Kf3 Kf5 42. g4+ 1-0

[Event "Mechanics' Winter TNM; 30/90, SD/30"]
[Site "San Francisco"]
[Date "2014.02.25"]
[Round "8.5"]
[White "Lacounte, Brendan"]
[Black "Ostrovsky, Sergey"]
[Result "0-1"]
[WhiteElo "1969"]
[BlackElo "1885"]
[Annotator "Donaldson"]
[PlyCount "102"]
[EventDate "2014.??.??"]

1. Nf3 d5 2. b3 c5 3. Bb2 Nc6 4. e3 f6 5. d4 cxd4 6. exd4 Nh6 7. Bd3 Nb4 8.
Bb5+ Bd7 9. Bxd7+ Qxd7 10. Qe2 e6 11. O-O Rc8 12. c3 Nc6 13. Re1 Kf7 14. Nbd2
Bd6 15. Rac1 Rhe8 16. c4 Kg8 17. c5 Bb8 18. a3 a6 19. b4 Nf7 20. Rc3 Bf4 21. g3
Bh6 22. Rd3 Rcd8 23. Nf1 e5 24. dxe5 Qe6 25. Nd4 Qxe5 26. Qxe5 $4 (26. Ne3 $16)
26... Nfxe5 27. Rxe5 fxe5 28. Nf5 d4 29. Nd6 Re7 30. Nf5 Re6 31. Nxh6+ Rxh6 32.
Nd2 Ne7 33. Ne4 b6 34. Bc1 Rc6 35. Bg5 Rd7 36. cxb6 Rxb6 37. Nc5 Rc7 38. Rd1 h6
39. Bd2 Nd5 40. Re1 Re7 41. Re4 Kf7 42. f4 Nc3 43. Bxc3 dxc3 44. fxe5 c2 45.
Rc4 Rxe5 46. Rxc2 Re3 47. Na4 Rd6 48. Rc7+ Kg6 49. Nc3 Rdd3 50. Rc6+ Kh7 51.
Nb1 Re1+ 0-1

[Event "Mechanics' Fall TNM; 30/90, SD/30"]
[Site "San Francisco"]
[Date "2014.11.25"]
[Round "5.17"]
[White "Lamstein, Joshua"]
[Black "Grey, Peter"]
[Result "0-1"]
[WhiteElo "1348"]
[BlackElo "2014"]
[PlyCount "106"]
[EventDate "2014.??.??"]

1. e4 e5 2. Nf3 Nc6 3. Bb5 a6 4. Ba4 Nf6 5. O-O Nxe4 6. Re1 Nc5 7. Nxe5 Be7 8.
Bxc6 dxc6 9. d4 Ne6 10. c3 O-O 11. Be3 f6 12. Nf3 f5 13. Qb3 Kh8 14. Ne5 f4 15.
Bc1 Qd5 16. Nd2 Qxb3 17. axb3 Bd6 18. Ndf3 g5 19. h3 Kg7 20. Bd2 Be7 21. Rad1
Bf6 22. c4 Nd8 23. Bc3 Nf7 24. d5 cxd5 25. Rxd5 c6 26. Rd2 Re8 27. Rde2 Bf5 28.
Nxf7 Rxe2 29. Rxe2 Kxf7 30. Bxf6 Kxf6 31. Rd2 Re8 32. h4 h6 33. hxg5+ hxg5 34.
Kf1 Re7 35. b4 Rd7 36. Rxd7 Bxd7 37. Ke1 g4 38. Nd2 Ke5 39. Ke2 Kd4 40. c5 Be6
41. g3 fxg3 42. fxg3 Bd5 43. Kd1 Kd3 44. Kc1 Ke2 45. Kc2 Kf2 46. Kd3 Kxg3 47.
Nf1+ Kf2 48. Ne3 g3 49. Kd2 g2 50. Nxg2 Bxg2 51. Kc3 Ke3 52. Kb3 Bf1 53. Kc3
Bb5 0-1

[Event "Mechanics' Fall TNM; 30/90, SD/30"]
[Site "San Francisco"]
[Date "2014.12.09"]
[Round "7.32"]
[White "Lamstein, Joshua"]
[Black "Reyes, Robert"]
[Result "0-1"]
[WhiteElo "1348"]
[BlackElo "1607"]
[PlyCount "64"]
[EventDate "2014.??.??"]

1. c4 e6 2. g3 Nf6 3. Bg2 d5 4. d4 c5 5. Nf3 Nc6 6. e3 Qb6 7. cxd5 exd5 8. Nc3
Be6 9. Rb1 cxd4 10. Na4 Qa5+ 11. Bd2 Bb4 12. O-O O-O 13. Bxb4 Nxb4 14. a3 Nc6
15. b4 Qc7 16. Nxd4 a6 17. Nc5 Nxd4 18. Qxd4 Rfd8 19. Rfc1 Qe7 20. a4 Rdc8 21.
a5 h6 22. Na4 Rc7 23. Nb6 Rd8 24. h3 Bf5 25. Ra1 Be4 26. f3 Bf5 27. g4 Bg6 28.
Re1 Qd6 29. Qf4 Rc2 30. Rec1 Rb2 31. Ra4 Qc6 32. Rf1 Qc2 0-1

[Event "Mechanics' Fall TNM; 30/90, SD/30"]
[Site "San Francisco"]
[Date "2014.11.04"]
[Round "3.12"]
[White "Lamstein, Joshua"]
[Black "Sahin, Ozgur"]
[Result "0-1"]
[WhiteElo "1348"]
[BlackElo "1969"]
[Annotator "Donaldson"]
[PlyCount "68"]
[EventDate "2014.??.??"]

1. d4 Nf6 2. c4 e6 3. Nc3 Bb4 4. Nf3 O-O 5. Bg5 d5 6. a3 Bxc3+ 7. bxc3 Nbd7 8.
e3 c6 9. Bd3 Re8 10. O-O e5 11. cxd5 e4 12. dxc6 bxc6 13. Bc4 exf3 14. Qxf3 Bb7
15. Rfe1 Qc8 16. Rab1 a5 17. Bd3 Ra7 18. Bf5 c5 19. e4 Qa8 20. d5 Ra6 21. Qh3
Nf8 22. c4 Bc8 23. Rb5 $2 {Diagram #} (23. e5 $11) 23... Nxe4 $1 24. Be3 Bxf5
25. Qxf5 Nd6 26. Qg5 Nxb5 27. cxb5 Rg6 28. Qf5 Qc8 29. Qd3 Qg4 30. g3 c4 31.
Qc3 Nd7 32. Qxa5 Ne5 33. Rb1 Nf3+ 34. Kg2 Nh4+ 0-1

[Event "Mechanics' Spring TNM; 30/90, SD/30"]
[Site "San Francisco"]
[Date "2014.04.29"]
[Round "7.18"]
[White "Lardent, Ranen"]
[Black "Furukawa, Jon"]
[Result "1/2-1/2"]
[WhiteElo "1798"]
[BlackElo "1533"]
[PlyCount "103"]
[EventDate "2014.??.??"]

1. c4 e5 2. g3 Nf6 3. Bg2 c6 4. d4 exd4 5. Qxd4 d5 6. cxd5 cxd5 7. Bg5 Be7 8.
Nc3 Nc6 9. Qa4 Be6 10. Nf3 O-O 11. O-O Qd7 12. Rfd1 Qc7 13. Rac1 Qb6 14. Qb5
Ne4 15. Qxb6 axb6 16. Bxe7 Nxc3 17. Rxc3 Nxe7 18. Rc7 Nc8 19. a3 Nd6 20. Ne5
Rac8 21. Rxc8 Rxc8 22. Bxd5 Bxd5 23. Rxd5 Ne4 24. f3 Nc5 25. Nd7 Na4 26. Rb5
Rc2 27. Nxb6 Nxb2 28. Re5 g6 29. Re7 Kf8 30. Rxb7 Rxe2 31. a4 Nd3 32. a5 Ra2
33. Nc4 Ra4 34. Nd6 Rxa5 35. Rxf7+ Kg8 36. Rc7 Ra2 37. Ne4 h6 38. Rc3 Ne5 39.
f4 Ra1+ 40. Kg2 Nf7 41. Rc8+ Kg7 42. Rc7 Kf8 43. Kf3 h5 44. Ng5 Nxg5+ 45. fxg5
Ra2 46. h4 Ra3+ 47. Kf4 Ra4+ 48. Ke5 Ra6 49. Rd7 Ra3 50. Kf6 Ra6+ 51. Ke5 Ra3
52. Kf4 1/2-1/2

[Event "Mechanics' Spring TNM; 30/90, SD/30"]
[Site "San Francisco"]
[Date "2014.03.18"]
[Round "1.22"]
[White "Lardent, Ranen"]
[Black "Hood, Bryan"]
[Result "1-0"]
[WhiteElo "1798"]
[BlackElo "1095"]
[PlyCount "81"]
[EventDate "2014.??.??"]

1. c4 e5 2. g3 Nf6 3. Bg2 Nc6 4. Nc3 Bc5 5. e3 O-O 6. Nge2 Re8 7. O-O d6 8. h3
Be6 9. d4 exd4 10. exd4 Bxc4 11. dxc5 dxc5 12. Qxd8 Raxd8 13. Bxc6 bxc6 14. Re1
Nd5 15. Bf4 Rd7 16. Nxd5 cxd5 17. Nc3 Re6 18. Na4 Rde7 19. Rxe6 fxe6 20. Be5 d4
21. Nxc5 d3 22. b3 Bb5 23. a4 Bc6 24. Nxd3 Rd7 25. Nb4 Bf3 26. Rc1 c5 27. Na6
Kf7 28. Nxc5 Rd5 29. Bf4 g5 30. Be3 g4 31. hxg4 e5 32. Bg5 e4 33. Bh4 Bxg4 34.
Nxe4 Rd4 35. Ng5+ Kg6 36. Kg2 h6 37. Rc6+ Kh5 38. Nf7 Bd7 39. Rxh6+ Kg4 40.
Ne5+ Kf5 41. Nxd7 1-0

[Event "Mechanics' Spring TNM; 30/90, SD/30"]
[Site "San Francisco"]
[Date "2014.04.15"]
[Round "5.17"]
[White "Lardent, Ranen"]
[Black "James, Charles"]
[Result "1-0"]
[WhiteElo "1798"]
[BlackElo "1489"]
[PlyCount "63"]
[EventDate "2014.??.??"]

1. c4 f5 2. Nc3 g6 3. g3 Nf6 4. Bg2 Bg7 5. d3 c6 6. e4 d6 7. Nge2 e5 8. O-O O-O
9. exf5 Bxf5 10. h3 Qd7 11. g4 Nxg4 12. hxg4 Bxg4 13. f3 Be6 14. Ne4 h6 15. Be3
b6 16. Rc1 Na6 17. d4 d5 18. cxd5 cxd5 19. N4c3 b5 20. dxe5 Bxe5 21. f4 Bc7 22.
Bxd5 Rf5 23. Bxa8 Qe7 24. Ng3 Bc4 25. Nxf5 gxf5 26. Bd5+ Kh7 27. Rf3 Qg7+ 28.
Kf2 Nb4 29. Bxc4 bxc4 30. Bd4 Qxd4+ 31. Qxd4 Bb6 32. Qxb6 1-0

[Event "Mechanics' Winter TNM; 30/90, SD/30"]
[Site "San Francisco"]
[Date "2014.02.11"]
[Round "6.16"]
[White "Lardent, Ranen"]
[Black "Rakonitz, David"]
[Result "1/2-1/2"]
[WhiteElo "1793"]
[BlackElo "1477"]
[PlyCount "91"]
[EventDate "2014.??.??"]

1. c4 Nf6 2. Nc3 e6 3. e4 d6 4. g3 b6 5. Bg2 Bb7 6. Nge2 c5 7. O-O Be7 8. d3
O-O 9. f4 Nbd7 10. h3 Ne8 11. g4 f5 12. g5 g6 13. Ng3 Nc7 14. b3 Re8 15. Bb2
Bf8 16. Qd2 Bg7 17. h4 Rb8 18. Nce2 Qe7 19. h5 Bxb2 20. Qxb2 Qg7 21. Qd2 Na6
22. a3 Nc7 23. Bf3 Ba8 24. Rab1 Rbd8 25. Kg2 Kf7 26. Rh1 Rh8 27. Rh2 Rdg8 28.
Rbh1 Bb7 29. Qc3 Qxc3 30. Nxc3 Kg7 31. hxg6 hxg6 32. Rxh8 Rxh8 33. Rxh8 Kxh8
34. exf5 Bxf3+ 35. Kxf3 exf5 36. Nf1 Kg7 37. Ne3 Ne6 38. Nc2 a6 39. Ke3 Kf7 40.
d4 Nc7 41. dxc5 dxc5 42. Kd3 Ke6 43. Ne3 Kd6 44. Ned5 Nxd5 45. Nxd5 a5 46. a4
1/2-1/2

[Event "Mechanics' Spring TNM; 30/90, SD/30"]
[Site "San Francisco"]
[Date "2014.04.01"]
[Round "3.19"]
[White "Lardent, Ranen"]
[Black "Rothman, Ivan"]
[Result "1-0"]
[WhiteElo "1798"]
[BlackElo "1466"]
[PlyCount "105"]
[EventDate "2014.??.??"]

1. c4 e6 2. g3 Nf6 3. Bg2 d5 4. b3 Be7 5. Bb2 O-O 6. Nf3 Nbd7 7. O-O c6 8. d4
b6 9. Nbd2 a5 10. Qc2 Ne8 11. e4 f5 12. exd5 cxd5 13. Ne5 Nxe5 14. dxe5 Bb7 15.
Rfd1 Rc8 16. Qd3 Rc7 17. cxd5 exd5 18. Nf3 g6 19. Nd4 Ng7 20. Rac1 Rxc1 21.
Bxc1 Qa8 22. Nb5 Rc8 23. Be3 d4 24. Bxb7 Qxb7 25. Nxd4 Rd8 26. Qc4+ Kh8 27. Re1
Rc8 28. Qf7 Rf8 29. Qc4 Rc8 30. Qf7 Rf8 31. Qc4 Rc8 32. Qe2 Bc5 33. Nb5 Bxe3
34. Qxe3 Qe4 35. Qxe4 fxe4 36. Rxe4 Ne6 37. Rc4 Rxc4 38. bxc4 g5 39. f3 Kg7 40.
Kf2 h5 41. Ke3 Kg6 42. Ke4 Nc5+ 43. Kd5 Kf5 44. Nd6+ Kg6 45. e6 Kf6 46. Ne4+
Nxe4 47. fxe4 Ke7 48. e5 h4 49. gxh4 gxh4 50. h3 a4 51. a3 Kd8 52. Kd6 Ke8 53.
e7 1-0

[Event "Mechanics' Winter TNM; 30/90, SD/30"]
[Site "San Francisco"]
[Date "2014.01.28"]
[Round "4.8"]
[White "Lardent, Ranen"]
[Black "Thornally, Frank"]
[Result "1/2-1/2"]
[WhiteElo "1793"]
[BlackElo "2200"]
[PlyCount "28"]
[EventDate "2014.??.??"]

1. c4 d6 2. Nc3 e5 3. e4 f5 4. d3 Nf6 5. g3 fxe4 6. dxe4 Nc6 7. Bg2 Be7 8. Nge2
O-O 9. O-O Be6 10. Nd5 Qd7 11. f4 Bh3 12. Nxf6+ Rxf6 13. f5 Bxg2 14. Kxg2 Raf8
1/2-1/2

[Event "Mechanics' Winter TNM; 30/90, SD/30"]
[Site "San Francisco"]
[Date "2014.02.25"]
[Round "8.10"]
[White "Lardent, Ranen"]
[Black "Tsodikova, Natalya"]
[Result "0-1"]
[WhiteElo "1793"]
[BlackElo "2226"]
[PlyCount "62"]
[EventDate "2014.??.??"]

1. c4 Nf6 2. Nc3 g6 3. e4 d6 4. g3 Bg7 5. Bg2 c5 6. Nge2 Nc6 7. d3 O-O 8. O-O
a6 9. Bd2 Rb8 10. a4 Bd7 11. f4 Qc8 12. Nd5 Nxd5 13. cxd5 Nd4 14. Nc3 Bg4 15.
Qe1 Nc2 16. Qc1 Nxa1 17. Qxa1 b5 18. a5 b4 19. Na4 Be2 20. Nb6 Qc7 21. Rc1 Rxb6
22. axb6 Qxb6 23. Bf1 c4+ 24. Kg2 Bxd3 25. Bxd3 cxd3 26. Rc6 Qd4 27. Qe1 Qxb2
28. Kf3 a5 29. Ra6 Bc3 30. Bxc3 bxc3 31. Rc6 Qd2 0-1

[Event "Mechanics' Winter TNM; 30/90, SD/30"]
[Site "San Francisco"]
[Date "2014.01.21"]
[Round "3.9"]
[White "Lardent, Ranen"]
[Black "Watson, Farid Mark"]
[Result "1/2-1/2"]
[WhiteElo "1793"]
[BlackElo "2053"]
[PlyCount "62"]
[EventDate "2014.??.??"]

1. c4 e5 2. g3 g6 3. Bg2 Bg7 4. Nc3 Nc6 5. e4 d6 6. Nge2 Nge7 7. O-O O-O 8. Rb1
Bg4 9. h3 Be6 10. Nd5 a5 11. a3 h6 12. d3 Kh7 13. Be3 Nd4 14. Nxd4 exd4 15. Bd2
c6 16. Nf4 Bd7 17. b4 axb4 18. axb4 Qc7 19. Qb3 b6 20. Rfc1 Ra7 21. c5 dxc5 22.
bxc5 b5 23. Ra1 g5 24. Ne2 Be6 25. Qb4 Rd8 26. f4 gxf4 27. Bxf4 Qd7 28. Rxa7
Qxa7 29. Bd6 Ng6 30. Kh2 Ne5 31. Rd1 Qa4 1/2-1/2

[Event "Mechanics' SummerTNM; 30/90, SD/30"]
[Site "San Francisco"]
[Date "2014.05.27"]
[Round "1.2"]
[White "Lee, Andy"]
[Black "Cohee, James"]
[Result "1-0"]
[WhiteElo "2320"]
[BlackElo "1638"]
[PlyCount "33"]
[EventDate "2014.??.??"]

1. e4 c5 2. Nf3 e6 3. d4 cxd4 4. Nxd4 a6 5. Bd3 Nf6 6. Nc3 d6 7. O-O Be7 8. f4
Nbd7 9. Kh1 O-O 10. Qf3 e5 11. Nf5 Nc5 12. fxe5 dxe5 13. Nxe7+ Qxe7 14. Bg5 Be6
15. Qg3 Kh8 16. Qh4 Rg8 {Diagram #} 17. Rxf6 1-0

[Event "Mechanics' Spring TNM; 30/90, SD/30"]
[Site "San Francisco"]
[Date "2014.04.29"]
[Round "7.1"]
[White "Lee, Andy"]
[Black "Gaffagan, Steven"]
[Result "1/2-1/2"]
[WhiteElo "2320"]
[BlackElo "2089"]
[PlyCount "51"]
[EventDate "2014.??.??"]

1. e4 c5 2. Nf3 d6 3. d4 Nf6 4. Nc3 cxd4 5. Nxd4 a6 6. Bg5 e6 7. f4 Nc6 8. Qd2
h6 9. Bxf6 gxf6 10. O-O-O Qb6 11. Nde2 h5 12. h4 Bd7 13. Kb1 f5 (13... O-O-O)
14. Rh3 (14. exf5 O-O-O 15. fxe6 fxe6 16. f5) 14... O-O-O 15. exf5 d5 16. Na4 (
16. fxe6 fxe6 17. f5) 16... Qa7 17. Nd4 $2 (17. Qc3) 17... Nxd4 18. Qxd4 Qxd4
19. Rxd4 Bg7 20. Rb4 a5 21. Nb6+ Kc7 22. Rbb3 a4 $6 (22... Bc6 $1 {
with ...a4 to follow looks decisive.}) 23. Rb4 Bc6 $6 (23... Bf8 24. Nxd7 Bxb4
25. Ne5 Rh7 $17) 24. Nxa4 Bf8 25. Rd4 Bg7 26. Rb4 1/2-1/2

[Event "Mechanics' Spring TNM; 30/90, SD/30"]
[Site "San Francisco"]
[Date "2014.03.18"]
[Round "1.2"]
[White "Lee, Andy"]
[Black "Hack, Richard"]
[Result "1-0"]
[WhiteElo "2320"]
[BlackElo "1594"]
[PlyCount "47"]
[EventDate "2014.??.??"]

1. e4 e5 2. Nf3 Nc6 3. Bb5 a6 4. Ba4 Nf6 5. O-O Nxe4 6. d4 b5 7. Bb3 d5 8. a4
Rb8 9. axb5 axb5 10. dxe5 Be6 11. Be3 Bc5 12. Bxc5 Nxc5 13. Nd4 Rb6 14. Nxe6
fxe6 15. Qh5+ g6 16. Qh6 Qe7 17. Nc3 Nxb3 18. cxb3 Rf8 19. Ra8+ Nb8 20. Rfa1
Rf5 21. Qe3 Kd7 {Diagram #} 22. Qxb6 $1 cxb6 23. R1a7+ Kd8 24. Rxb8# 1-0

[Event "Mechanics' Whitehead TNM; 30/90, SD/30"]
[Site "San Francisco"]
[Date "2014.08.12"]
[Round "2.1"]
[White "Lee, Andy"]
[Black "Hakobyan, Sos"]
[Result "1-0"]
[WhiteElo "2361"]
[BlackElo "1953"]
[PlyCount "57"]
[EventDate "2014.??.??"]

1. d4 Nf6 2. c4 c5 3. d5 d6 4. Nc3 Bf5 5. f3 g6 6. e4 Bc8 7. Bg5 Bg7 8. Qd2 a6
9. Bh6 O-O 10. h4 e6 11. h5 Bxh6 12. Qxh6 Qe7 13. O-O-O Re8 14. Kb1 e5 15. hxg6
fxg6 16. g3 Qg7 17. Qe3 b6 18. Bh3 Nbd7 19. Be6+ Kh8 20. f4 exf4 21. gxf4 Nf8
22. f5 Ng4 23. Qf4 Ne5 24. f6 Qc7 25. f7 Rxe6 26. dxe6 Qe7 27. Rxd6 Nxe6 28.
Qxe5+ Ng7 29. Qxe7 1-0

[Event "Mechanics' Spring TNM; 30/90, SD/30"]
[Site "San Francisco"]
[Date "2014.04.01"]
[Round "3.2"]
[White "Lee, Andy"]
[Black "Niemann, Hans"]
[Result "1/2-1/2"]
[WhiteElo "2320"]
[BlackElo "2054"]
[PlyCount "74"]
[EventDate "2014.??.??"]

1. e4 b6 2. d4 Bb7 3. Nc3 e6 4. a3 Nf6 5. Bd3 c5 6. dxc5 bxc5 7. Nf3 Be7 8. e5
Nd5 9. Ne4 f5 10. exf6 Nxf6 11. Neg5 c4 12. Bxc4 h6 13. Qd3 hxg5 14. Qg6+ Kf8
15. Nxg5 Qe8 16. Qd3 Nc6 17. f4 Nd5 18. O-O Bxg5 19. fxg5+ Kg8 20. Bxd5 exd5
21. Qxd5+ Qe6 22. Qxe6+ dxe6 23. Be3 Rf8 24. Rxf8+ Kxf8 25. b4 Rh4 26. b5 Ne5
27. Bxa7 Rg4 28. g3 Nf3+ 29. Kf2 Rc4 30. h4 Rxc2+ 31. Ke3 Rc3+ 32. Ke2 Rb3 33.
a4 Ne5 34. Ra3 Bf3+ 35. Kf1 Rb1+ 36. Kf2 Rb2+ 37. Kf1 Rb1+ 1/2-1/2

[Event "Mechanics' Whitehead TNM; 30/90, SD/30"]
[Site "San Francisco"]
[Date "2014.08.26"]
[Round "4.1"]
[White "Lee, Andy"]
[Black "Steger, Alex"]
[Result "1-0"]
[WhiteElo "2361"]
[BlackElo "2029"]
[Annotator "Donaldson"]
[PlyCount "91"]
[EventDate "2014.??.??"]

1. e4 e5 2. Nf3 Nc6 3. Bc4 Bc5 4. b4 Bb6 5. a4 a6 6. c3 Nf6 7. d3 d6 8. Nbd2
O-O 9. O-O Ne7 10. d4 Ng6 11. dxe5 Nxe5 12. Nxe5 dxe5 13. Qb3 Ne8 14. Nf3 Nd6
15. Rd1 Bg4 16. Be2 Qf6 17. c4 Bxf3 18. Bxf3 Bd4 19. Rb1 b5 20. c5 Nc4 21. Rf1
Qg6 22. Qc2 c6 23. Be2 Rfd8 24. a5 h5 $2 (24... Rd7 $11) 25. Rb3 $1 h4 26. Rh3
Qf6 27. Rf3 (27. Bxc4 bxc4 28. Qxc4 Rab8 {
and it is not easy for White to utilize his extra pawn.}) 27... Qe6 28. Bg5 $6
f6 $1 29. Bxh4 $6 {Diagram #} (29. Bc1) 29... g5 $6 (29... Nd2 $1 {
wins the exchange without weakening Black's king.}) 30. Bg3 Nd2 31. Rf5 Nxf1
32. Bxf1 Ra7 33. h4 g4 $6 (33... Rg7 {looks more solid.}) 34. h5 Rg7 35. Be2
Rg5 36. Rxg5+ (36. Bh4 Rxf5 37. exf5 Qd7 38. Bxg4 {might be better.}) 36...
fxg5 37. Qc1 Rd7 38. Qxg5+ Rg7 39. Qd8+ Kh7 40. Qa8 Qa2 (40... Qb3 41. Kh1 (41.
Kh2 $2 Bxf2 $1) (41. Qxa6 $4 Qxg3) 41... Qxb4 42. Qc8 Qe1+ 43. Kh2 Qxe2 44.
Qf5+ Kh6 (44... Kh8 45. Qf8+ Kh7 46. Qf5+) 45. Qf6+ Kh7 46. Qf5+ {draws.}) 41.
Bf1 Rf7 42. Kh2 {Diagram #} Bxf2 $4 {Black has played very well but with the
draw in sight he falters in time pressure.} (42... Rxf2 43. Qxc6 (43. Qb7+ $4
Qf7 $19) 43... Rxf1 44. Qg6+ $11) 43. Bxe5 g3+ 44. Kh1 Rg7 45. Bxg7 Kxg7 46.
Qxc6 {and Black lost on time.} 1-0

[Event "Mechanics' SummerTNM; 30/90, SD/30"]
[Site "San Francisco"]
[Date "2014.06.24"]
[Round "5.1"]
[White "Lee, Andy"]
[Black "Thornally, Frank"]
[Result "1-0"]
[WhiteElo "2320"]
[BlackElo "2200"]
[Annotator "Winslow,Elliott C"]
[PlyCount "120"]
[EventDate "2014.??.??"]

1. e4 e5 2. Nf3 Nc6 3. Bb5 a6 4. Ba4 Nf6 5. O-O Be7 6. Re1 b5 7. Bb3 d6 8. c3
O-O 9. h3 Nb8 10. d3 (10. d4) 10... Nbd7 11. Nbd2 Nc5 ({more common} 11... Bb7
12. Nf1 {and now} Nc5 13. Bc2 Re8 {since} 14. d4 $2 Ncxe4 ({or} 14... exd4 15.
Qxd4 (15. Nxd4 Bxe4 16. Bg5 Qd7) 15... Nfxe4 16. Bxe4 Bf6 17. Bxb7 Bxd4 18.
Rxe8+ Qxe8 19. Bxa8 Bxf2+ 20. Kxf2 Nd3+ 21. Kg1 Qxa8 {computer likes Black})
15. dxe5 dxe5 16. Nxe5 Nxf2 {works}) 12. Bc2 Bb7 13. d4 Ncd7 14. Nf1 Re8 15.
Ng3 Bf8 16. Bg5 g6 17. Qd2 c5 18. d5 c4 19. Nh2 Bg7 20. Ng4 Qc7 21. Nh6+ Kf8
22. Re3 Ng8 23. Rf3 Bxh6 24. Bxh6+ Ke7 25. a4 f6 26. b3 cxb3 27. Bxb3 Nc5 28.
Bd1 Qa5 29. Be3 Rec8 30. Bxc5 Rxc5 31. Rb1 Rac8 32. Rb4 R8c7 33. Qb2 Bc8 34.
axb5 axb5 35. Rd3 Bd7 36. Bg4 Bxg4 37. hxg4 Ra7 38. Rd1 Qa3 39. Ne2 Qxb2 40.
Rxb2 Kd7 41. Rdb1 Ra5 42. f3 Kc7 43. Kf2 Kb6 44. Ke3 Rc4 45. Kd3 Rca4 46. Nc1
Rc4 47. Nb3 Ra3 48. Rc1 Ka6 49. Nd2 Rc5 50. Rb4 Rc7 51. Rc2 Ka5 52. Nb1 Ra4 53.
Rb3 Ka6 54. Rcb2 Ra5 55. Na3 f5 56. Nxb5 Rd7 57. gxf5 gxf5 58. c4 Ra1 59. Nc3
fxe4+ 60. fxe4 Rc7 1-0

[Event "Mechanics' Spring TNM; 30/90, SD/30"]
[Site "San Francisco"]
[Date "2014.04.15"]
[Round "5.2"]
[White "Lee, Andy"]
[Black "Tsodikova, Natalya"]
[Result "1-0"]
[WhiteElo "2320"]
[BlackElo "2226"]
[Annotator "Donaldson"]
[PlyCount "43"]
[EventDate "2014.??.??"]

1. e4 c5 2. Nf3 d6 3. d4 cxd4 4. Nxd4 Nf6 5. Nc3 a6 6. Bg5 e6 7. f4 Be7 8. Qf3
h6 (8... Qc7) 9. Bh4 Nbd7 10. O-O-O Qc7 11. Bd3 Nc5 $2 (11... g5) (11... b5)
12. e5 $1 (12. Rhe1) 12... dxe5 13. fxe5 Nxd3+ (13... Nd5 14. Nxd5 exd5 15.
Bxe7 Qxe7 16. Qxd5 O-O) 14. Rxd3 Nh7 (14... Nd5 15. Nxd5 exd5 16. Bxe7 Qxe7 17.
Qxd5) 15. Bxe7 Qxe7 {Diagram #} 16. Nc6 $1 Qg5+ (16... Ng5 17. Rhd1 Bd7 18.
Nxe7 Nxf3 19. Rxd7 Nxe5 20. Rxb7) 17. Kb1 Bd7 {Diagram #} (17... O-O 18. h4)
18. Rxd7 $1 Kxd7 19. Qxf7+ Kxc6 20. Qxe6+ Kc7 21. Qd6+ Kc8 22. Nd5 1-0

[Event "Mechanics' Whitehead TNM; 30/90, SD/30"]
[Site "San Francisco"]
[Date "2014.09.23"]
[Round "8.1"]
[White "Lee, Andy"]
[Black "Winslow, Elliott"]
[Result "1-0"]
[WhiteElo "2361"]
[BlackElo "2254"]
[Annotator "Donaldson"]
[PlyCount "55"]
[EventDate "2014.??.??"]

1. e4 c5 2. Nf3 Nc6 3. d4 cxd4 4. Nxd4 Nf6 5. Nc3 e5 6. Ndb5 d6 7. Bg5 a6 8.
Na3 b5 9. Bxf6 gxf6 10. Nd5 Bg7 {Sidestepping the sharp lines} (10... f5 11.
Bxb5 {and} (11. Nxb5 axb5 12. Bxb5) 11... axb5 12. Nxb5 {
Black is theoretically fine in both but total recall is required!}) 11. c3 f5
12. exf5 Bxf5 13. Nc2 O-O 14. Nce3 Bd7 (14... Be6 {is the main line for a
reason. The bishop will soon move again - this time to e6.}) 15. Bd3 f5 16. Bc2
Ra7 $6 (16... e4) 17. O-O Be6 18. Qh5 Bxd5 (18... e4 {is quite strong.} 19. Nf4
) 19. Nxd5 e4 20. f3 Be5 21. Kh1 (21. fxe4 f4 {ofers Black some practical
chances. After the text Black's position quickly crumbles.}) 21... Rg7 22. f4
Bf6 23. Qxf5 b4 24. Nxf6+ Rxf6 25. Qd5+ Kh8 26. Qxc6 d5 27. Qc5 Rh6 28. Qf2 1-0

[Event "Mechanics' Fall TNM; 30/90, SD/30"]
[Site "San Francisco"]
[Date "2014.10.28"]
[Round "2.23"]
[White "Lesquillier, Walter"]
[Black "Eastham, Asher"]
[Result "1/2-1/2"]
[WhiteElo "1847"]
[BlackElo "1339"]
[PlyCount "69"]
[EventDate "2014.??.??"]

1. c4 Nf6 2. Nf3 e6 3. a3 d5 4. d4 Be7 5. Nc3 O-O 6. Bf4 c5 7. e3 Nc6 8. Be2 b6
9. Qa4 Bb7 10. Rd1 Rc8 11. dxc5 Bxc5 12. cxd5 exd5 13. O-O a6 14. b4 Bd6 15.
Nxd5 Bxf4 16. Nxf4 Qc7 17. Rc1 b5 18. Qb3 Rfd8 19. Qb2 Qe7 20. Rfd1 Rc7 21.
Rxd8+ Qxd8 22. Rd1 Rd7 23. Rxd7 Qxd7 24. Qd2 Qe7 25. Nd5 Nxd5 26. Qxd5 Nxb4 27.
Qb3 Nd5 28. Nd4 g6 29. h3 Qc5 30. Bf3 Qc1+ 31. Kh2 Qc7+ 32. Kg1 Qc1+ 33. Kh2
Qc7+ 34. g3 Nb6 35. Be2 1/2-1/2

[Event "Mechanics' Fall TNM; 30/90, SD/30"]
[Site "San Francisco"]
[Date "2014.11.25"]
[Round "5.22"]
[White "Lesquillier, Walter"]
[Black "Oyuntseren, Togtokh"]
[Result "1-0"]
[WhiteElo "1847"]
[BlackElo "1561"]
[PlyCount "57"]
[EventDate "2014.??.??"]

1. e4 c5 2. b3 e5 3. Nc3 Nf6 4. Nf3 d6 5. h3 a6 6. Bc4 b5 7. Bd5 Ra7 8. Qe2 Qd7
9. O-O Bb7 10. Bxb7 Rxb7 11. Nd1 Be7 12. c3 O-O 13. d4 cxd4 14. cxd4 Nc6 15.
Bb2 exd4 16. Nxd4 Nxd4 17. Bxd4 Qe6 18. f3 Re8 19. Ne3 d5 20. e5 Nd7 21. f4 f5
22. Rac1 g6 23. Rfd1 Rd8 24. Qc2 Ba3 25. Qc6 Qxc6 26. Rxc6 Nb8 27. Rf6 Be7 28.
Rb6 Rdd7 29. Rc1 $16 {And White went on to win. Remaining moves unavailable.}
1-0

[Event "Mechanics' Fall TNM; 30/90, SD/30"]
[Site "San Francisco"]
[Date "2014.12.09"]
[Round "7.20"]
[White "Lin, Aung Tun"]
[Black "Brown, Nicholas"]
[Result "1-0"]
[WhiteElo "1689"]
[BlackElo "1520"]
[Annotator "Donaldson"]
[PlyCount "31"]
[EventDate "2014.??.??"]

1. f4 d5 2. Nf3 e6 3. b3 Nc6 4. Bb2 f6 5. e3 Bd7 6. Bb5 Bd6 7. O-O Qe7 (7...
Nge7) 8. Bxc6 Bxc6 9. Nd4 Qd7 $6 (9... Bd7 $11) 10. Qg4 f5 $2 {Diagram #} 11.
Qg5 $6 (11. Nxf5 exf5 12. Qxg7) 11... Qf7 $2 (11... Bf8) 12. Nxc6 h6 13. Qg3
bxc6 14. Bxg7 Rh7 15. Bb2 Nf6 16. Bxf6 1-0